Statistiques concernant Les pays ayant un W dans leur nom

Cliquez ici pour prendre le quiz!

Statistiques générales

  • Ce quiz a été pris 281 fois
    (247 depuis la dernière actualisation)
  • Le résultat moyen est 4 sur 7

Statistiques - réponses

Nom du pays % Correct
5Swaziland
73%
7Zimbabwe
66%
3Malawi
60%
1Botswana
55%
4Rwanda
54%
6Taiwan
46%
2Koweït
39%

Distribution des résultats

Percentile by Number Answered

% des personnes avec chaque résultat

Votre développement - résultats

Vous n’avez pas pris ce quiz depuis la dernière actualisation